Depiction of Water Scarcity in German Mass Media

Nominálne lexémy vo vodnom diskurze. Klasifikácia elicitovaných lexikálnych syntagiem podľa sémanticko-lexikálnych kritérií. Prezentácia zostaveného korpusu s názvom Wasser a metódy korpusovej lingvistiky.

Gespeichert in:
Bibliographische Detailangaben
1. Verfasser: Kalaš, Filip, 1993-
Format: Buchkapitel
Sprache:Englisch
Schlagworte:
Tags: Tag hinzufügen
Keine Tags, Fügen Sie das erste Tag hinzu!

MARC

LEADER 00000naa$a2200000$$$4500
001 0288691
005 20240502074424.9
041 0 |a eng 
044 |a SK 
245 1 0 |a Depiction of Water Scarcity in German Mass Media  |c Filip Kalaš 
520 |a Nominálne lexémy vo vodnom diskurze. Klasifikácia elicitovaných lexikálnych syntagiem podľa sémanticko-lexikálnych kritérií. Prezentácia zostaveného korpusu s názvom Wasser a metódy korpusovej lingvistiky. 
610 2 0 |a jazykoveda 
610 2 0 |a sémantika 
610 2 0 |a lexikológia 
610 2 0 |a voda 
610 2 0 |a médiá 
610 2 0 |a Nemecko 
100 1 |a Kalaš, Filip, 1993-